00518nam a2200193 a 4500001001300000003000900013005001700022008004100039020002300080082001300103100002300116245004300139260003500182300000900217500003500226505001600261650002400277700002300301nice12345678IN_TiNIC20260116014958.0100923s1978 newa grp 000 0 eng  a9780809144648c50000a242bJUN aJungmann, A Joseph aChristian Prayer Through the Centuries aNew YorkbPaulist Press c1978 a144p aincludes index and biblioraphy2 aNotes,Index aPrayer-Christianity1 aJungmann, A Joseph